000 00608nam a2200205 a 4500
001 BRCA_3651
005 20190320204353.0
008 810815s1973 cu-a---###---#000-0#spa-#
041 _aspa
044 _aCU
050 4 _aAM151
_b.C74 1973
100 1 _aCrego Fuentes, Teresa
_99466
245 1 0 _aPanorama histórico y organización de los museos
_cTeresa Crego Fuentes.
260 _aLa Habana
_bPueblo y Educación
_c1973
300 _a268 p.
_bil.
_c23 cm.
440 0 _aCuadernos H. Museología
_v1
_99467
500 _aIncluye índice de ilustraciones
650 1 4 _aMuseografía
_99468
942 _2lcc
_cB
999 _c3385
_d3385